Statistics for Countries with the Most Population 65+ by Letter

Click here to take the quiz!

General Stats

  • This quiz has been taken 38 times
  • The average score is 22 of 24

Answer Stats

LetterPopulationCountry% Correct
C130,968,055China
100%
I73,630,042India
100%
O115,903Oman
100%
U47,525,209United States
100%
Y747,618Yemen
100%
Z471,541Zambia
100%
F12,774,105France
97%
G17,292,683Germany
97%
Q26,446Qatar
97%
R19,259,753Russia
97%
B16,304,963Brazil
94%
J33,443,417Japan
94%
P8,487,225Pakistan
94%
A4,743,955Argentina
86%
H1,754,116Hungary
86%
K1,290,534Kenya
86%
S8,721,745Spain
86%
V6,181,301Vietnam
86%
E4,776,961Egypt
81%
T7,116,616Thailand
81%
L548,508Lithuania
78%
N4,986,357Nigeria
78%
D2,290,139D.R.Congo
75%
M4,214,190Mexico
69%

Score Distribution

Percentile by Number Answered

Percent of People with Each Score

Your Score History

You have not taken this quiz